| 000 | 00459nam a2200205Ia 4500 | ||
|---|---|---|---|
| 003 | 0100 | ||
| 008 | 130303s9999 xx 000 0 und d | ||
| 040 | _cARRUPELIB | ||
| 050 | _aBC50.S8 1963 | ||
| 100 | _aStrawson, P. F | ||
| 245 | _aIntroduction to logical theory | ||
| 260 | _aLondon | ||
| 260 | _bMethuen | ||
| 260 | _C1963 | ||
| 300 | _a266p. | ||
| 300 | _b 23cm. | ||
| 440 | _aUniversity Paperbacks no. 72 | ||
| 650 | _aLOGIC | ||
| 942 | 0 | 0 | _02 |
| 999 |
_c42810 _d42810 |
||